Dopad krízových situácií na regionálny cestovný cestovný ruch bakalárska práca

Enregistré dans:
Détails bibliographiques
Auteur principal: Čungová, Tatiana
Collectivité auteur: Obchodná fakulta EU. Katedra cestovného ruchu
Autres auteurs: Horský, Jerguš, 1998-
Format: Livre
Langue:slovaque
Publié: Bratislava 2025
Tags: Ajouter un tag
Pas de tags, Soyez le premier à ajouter un tag!

MARC

LEADER 00000nbm a2200000 4500
001 0311122
005 20251112124624.8
041 0 |a slo 
044 |a SK 
245 1 0 |a Dopad krízových situácií na regionálny cestovný cestovný ruch  |b bakalárska práca  |c Tatiana Čungová ; školiteľ: Jerguš Horský 
264 1 |a Bratislava  |c 2025 
300 |a 57 s. 
100 1 |a Čungová, Tatiana 
700 1 |a Horský, Jerguš, 1998- 
710 2 |a Obchodná fakulta EU. Katedra cestovného ruchu